000 00903cam a2200289 a 4500
001 000019418
005 20200929170018.0
008 790517s1964 sp 001 f spa d
015 _aSp72-Jan
040 _aDO-SdBNP
_bspa
_cDLC
_dBNPHU
082 _a863.6
_bE77n, 1964
100 1 _aEspina, Concha,
_d1869-1955
_941553
245 1 3 _aLa niña de Luzmela /
_cConcha Espina.
250 _a3a ed.
260 _aMadrid :
_bEspasa-Calpe,
_c1964.
300 _a149 p. ;
_c18 cm.
490 1 _aAustral. Azul: novelas y cuentos en general
_v1131
500 _aIncluye índice de autores
650 4 _aNovela española
_91123
650 4 _aLiteratura española
_9632
650 4 _aNovela amorosa española
_941678
650 4 _aMujeres
_xNovela
_941679
830 0 _aAustral.
_pAzul: novelas y cuentos en general;
_v1131
_922386
910 _aCatalogación derivada / LC
910 _aWM
049 _aBNGR
999 _c18934
_d18934